Normal view
MARC view
Entry Topical Term
001 - CONTROL NUMBER
- control field: 72790
003 - CONTROL NUMBER IDENTIFIER
- control field: OSt
005 - DATE AND TIME OF LATEST TRANSACTION
- control field: 20180626162820.0
008 - FIXED-LENGTH DATA ELEMENTS
- fixed length control field: 180626|| aca||aabn | a|a d
040 ## - CATALOGING SOURCE
- Original cataloging agency: OSt
- Transcribing agency: OSt
150 ## - HEADING--TOPICAL TERM
- Topical term or geographic name entry element: Yoga
670 ## - SOURCE DATA FOUND
- Source citation: Work cat.: (OSt): Brzezinski, Jan K (jagadananda Das) 72789, Yoga- Tarangini , 2015









